000 00746nam a2200229Ia 4500
003 OSt
005 20220923212256.0
006 a|||||r|||| 00| 0
007 ta
008 220922b |||||||| |||| 00| 0 hin d
024 _a151,936
037 _cTextual
040 _aARTS
_cARTS
_bhin
041 _2hin
_ahin
082 _a/\2y7M72, 152G6
100 _aगर्दे, लक्ष्मणनारायण, संपा.
_9160328
245 0 _aश्री अरविन्द और उनका योग
246 _aShrī aravinda aur unakā yoga
260 _c1936
942 _h/\2y7M72, 152G6
_cTEXL
_2CC
999 _c307609
_d307609